| 000 | 01462cam a22003372 4500 | ||
|---|---|---|---|
| 001 | 0000025487 | ||
| 005 | 20151217154549.0 | ||
| 008 | 151001s xx 000 0 eng d | ||
| 020 | _a0314280268: | ||
| 040 |
_aKABU _cKABU |
||
| 100 | 1 |
_aJackson, John H. _@0000181803 |
|
| 245 | 1 | 0 |
_aLegal problems of international economic relations : _bcases, materials and text on the national and international regulation of transnational economic relations / _cJohn H. Jackson, William J. Davey, Alan O. Sykes, Jr. |
| 250 | _a6th ed. | ||
| 260 |
_aSt. Paul, MN. : _bWest Academic, _c2013. |
||
| 300 | _alvii, 1338 p. | ||
| 650 | 0 |
_aForeign trade relgulations. _@0000181544 |
|
| 650 | 0 |
_aTariff _xLaw and legislation. _@0000162770 |
|
| 650 | 0 |
_aInternational business enterprises _xLaw and legislation. _@0000178441 |
|
| 650 | 0 |
_aInternational economic relations. _@0000144571 |
|
| 700 | 1 |
_aDavey, William J. _@0000181804 |
|
| 700 | 1 |
_aSykes, Alan O. _@0000181805 |
|
| 852 | 1 | _9p45500 | |
| 852 | 1 | _9p45500 | |
| 852 | 1 | _9p45500 | |
| 852 | 1 | _9p45500 | |
| 852 | 1 | _9p45500 | |
| 852 | 1 | _9p45500 | |
| 908 | _a151001 | ||
| 950 | _@1 | ||
| 999 |
_c11747 _d11747 |
||